<?xml version="1.0" encoding="UTF-8"?>
<marc:record xmlns:marc="http://www.loc.gov/MARC21/slim">
   <marc:leader>00000nam a2200000 a 4500</marc:leader>
   <marc:datafield ind1="1" ind2=" " tag="100">
      <marc:subfield code="a">Bast, Eva-Maria</marc:subfield>
      <marc:subfield code="4">aut</marc:subfield>
      <marc:subfield code="e">Verfasser/-in</marc:subfield>
   </marc:datafield>
   <marc:datafield ind1=" " ind2=" " tag="653">
      <marc:subfield code="a">Softcover / Belletristik/Unterhaltung: Persönlichkeiten des 20. Jhdt.</marc:subfield>
   </marc:datafield>
   <marc:datafield ind1=" " ind2=" " tag="653">
      <marc:subfield code="a">Kleopatra</marc:subfield>
   </marc:datafield>
   <marc:datafield ind1=" " ind2=" " tag="653">
      <marc:subfield code="a">Bedeutende Frauen</marc:subfield>
   </marc:datafield>
   <marc:datafield ind1=" " ind2=" " tag="653">
      <marc:subfield code="a">die die Welt verändern</marc:subfield>
   </marc:datafield>
   <marc:datafield ind1=" " ind2=" " tag="653">
      <marc:subfield code="a">Mutige Frauen zwischen Kunst und Liebe</marc:subfield>
   </marc:datafield>
   <marc:datafield ind1=" " ind2=" " tag="653">
      <marc:subfield code="a">Bücher für Frauen</marc:subfield>
   </marc:datafield>
   <marc:datafield ind1=" " ind2=" " tag="653">
      <marc:subfield code="a">Historischer Roman</marc:subfield>
   </marc:datafield>
   <marc:datafield ind1=" " ind2=" " tag="653">
      <marc:subfield code="a">Ägypten</marc:subfield>
   </marc:datafield>
   <marc:datafield ind1=" " ind2=" " tag="653">
      <marc:subfield code="a">altes Ägypten</marc:subfield>
   </marc:datafield>
   <marc:datafield ind1=" " ind2=" " tag="653">
      <marc:subfield code="a">Starke Frauen</marc:subfield>
   </marc:datafield>
   <marc:datafield ind1=" " ind2=" " tag="653">
      <marc:subfield code="a">Liebe</marc:subfield>
   </marc:datafield>
   <marc:datafield ind1=" " ind2=" " tag="653">
      <marc:subfield code="a">dramatische Liebe</marc:subfield>
   </marc:datafield>
   <marc:datafield ind1=" " ind2=" " tag="653">
      <marc:subfield code="a">Gefühle</marc:subfield>
   </marc:datafield>
   <marc:datafield ind1=" " ind2=" " tag="653">
      <marc:subfield code="a">Schicksal</marc:subfield>
   </marc:datafield>
   <marc:datafield ind1=" " ind2=" " tag="653">
      <marc:subfield code="a">Geschichte</marc:subfield>
   </marc:datafield>
   <marc:datafield ind1=" " ind2=" " tag="653">
      <marc:subfield code="a">ägyptische Geschichte</marc:subfield>
   </marc:datafield>
   <marc:datafield ind1=" " ind2=" " tag="653">
      <marc:subfield code="a">Römisches Reich</marc:subfield>
   </marc:datafield>
   <marc:datafield ind1=" " ind2=" " tag="653">
      <marc:subfield code="a">Marc Anton</marc:subfield>
   </marc:datafield>
   <marc:datafield ind1=" " ind2=" " tag="653">
      <marc:subfield code="a">Marcus Antonius</marc:subfield>
   </marc:datafield>
   <marc:datafield ind1="0" ind2="0" tag="245">
      <marc:subfield code="a">Die letzte Pharaonin</marc:subfield>
   </marc:datafield>
   <marc:datafield ind1="0" ind2="0" tag="245">
      <marc:subfield code="b">Kleopatra – Sie behauptete sich in einer männderdominierten Welt und sicherte sich geschickt ihren Platz | Romanbiografie</marc:subfield>
   </marc:datafield>
   <marc:datafield ind1="0" ind2="0" tag="245">
      <marc:subfield code="c">Eva-Maria Bast</marc:subfield>
   </marc:datafield>
   <marc:datafield ind1=" " ind2="1" tag="264">
      <marc:subfield code="a">München</marc:subfield>
      <marc:subfield code="b">Piper</marc:subfield>
      <marc:subfield code="c">2026</marc:subfield>
   </marc:datafield>
   <marc:datafield ind1="1" ind2=" " tag="490">
      <marc:subfield code="a">Bedeutende Frauen, die die Welt verändern</marc:subfield>
      <marc:subfield code="v">27</marc:subfield>
   </marc:datafield>
   <marc:datafield ind1=" " ind2=" " tag="250">
      <marc:subfield code="a">1. Auflage</marc:subfield>
   </marc:datafield>
   <marc:datafield ind1="1" ind2=" " tag="520">
      <marc:subfield code="a">
Die letzte Königin des Nils: Kleopatra glänzte durch Schönheit, Intelligenz und politisches Geschick
»Ich lasse mich nicht besiegen.« Kleopatra
41 v. Chr.: Drei Jahre nach Cäsars Ermordung ruft der römische Feldherr Marcus Antonius, nun Herrscher des Ostens, Königin Kleopatra zu sich. Doch Ägyptens Königin will sich nicht kommandieren lassen und bestellt Antonius auf ihre prachtvolle Galeere. Der verheiratete General erliegt sofort ihrer Schönheit und ihrem Charme. Und die kluge Pharaonin nutzt seine Schwäche geschickt für ihre eigenen Ziele. Aber auch sie verliebt sich unsterblich: Die berühmteste Liebesaffäre der Weltgeschichte nimmt ihren Lauf und löst eine Katastrophe aus …
Kleopatra und Marcus Antonius – die leidenschaftliche Liebe zwischen der ägyptischen Herrscherin und dem römischen Feldherrn.
Eva-Maria Bast hat eine atmosphärische und fesselnde Romanbiografie über Kleopatra geschrieben: die Pharaonin, die man verehrte wie eine Göttin und die zum Symbol für Macht, Intrigen und Schönheit wurde – und ihre leidenschaftliche Liebe zu Marcus Antonius
Von Shakespeare bis Hollywood: Die letzte Königin des Nils fasziniert bis heute!
Über die Reihe »Bedeutende Frauen, die die Welt verändern«:
Mit den historischen Romanen unserer Reihe »Bedeutende Frauen, die die Welt verändern« entführen wir Sie in das Leben inspirierender und außergewöhnlicher Persönlichkeiten! Auf wahren Begebenheiten beruhend erschaffen unsere Autor:innen ein fulminantes Panorama aufregender Zeiten und erzählen von den großen Momenten und den kleinen Zufällen, von den schönsten Begegnungen und den tragischen Augenblicken, von den Träumen und der Liebe dieser starken Frauen.
Weitere Bände der Reihe: 
Laura Baldini, Lehrerin einer neuen Zeit (Maria Montessori)
Romy Seidel, Die Tochter meines Vaters (Anna Freud)
Petra Hucke, Die Architektin von New York (Emily Warren Roebling)
Laura Baldini, Ein Traum von Schönheit (Estée Lauder)
Lea Kampe, Der Engel von Warschau (Irena Sendler)
Eva-Maria Bast, Die aufgehende Sonne von Paris (Mata Hari)
Eva-Maria Bast, Die vergessene Prinzessin (Alice von Battenberg)
Yvonne Winkler, Ärztin einer neuen Ära (Hermine Heusler-Edenhuizen)
Agnes Imhof, Die geniale Rebellin (Ada Lovelace)
Lea Kampe, Die Löwin von Kenia (Karen Blixen)
Eva Grübl, Botschafterin des Friedens (Bertha von Suttner)
Laura Baldini, Der strahlendste Stern von Hollywood (Katharine Hepburn)
Eva-Maria Bast, Die Queen (Queen Elizabeth II.)
Agnes Imhof, Die Pionierin im ewigen Eis (Josephine Peary)
Ulrike Fuchs, Reporterin für eine bessere Welt (Nellie Bly)
Anna-Luise Melle, Die Meisterin der Wachsfiguren (Marie Tussaud)
Petra Hucke, Die Entdeckerin des Lebens (Rosalind Franklin)
Jørn Precht, Die Heilerin vom Rhein (Hildegard von Bingen)
Elisa Jakob, Die Mutter der Berggorillas (Dian Fossey)
Eva-Maria Bast, Queen Mum
Yvonne Winkler, Kämpferin gegen den Krebs (Mildred Scheel)
Lena Dietrich, Die Malerin der Frauen (Artemisia Gentileschi)
Laura Baldini, Die Pädagogin der glücklichen Kinder (Emmi Pikler)
Patricia Eckermann und James A. Sullivan, Die mutige Rebellin (Rosa Parks)

&lt;br&gt;
</marc:subfield>
   </marc:datafield>
   <marc:datafield ind1=" " ind2=" " tag="020">
      <marc:subfield code="a">9783492066495</marc:subfield>
      <marc:subfield code="9">9783492066495</marc:subfield>
   </marc:datafield>
   <marc:datafield ind1=" " ind2=" " tag="020">
      <marc:subfield code="a">3492066496</marc:subfield>
      <marc:subfield code="9">3492066496</marc:subfield>
   </marc:datafield>
   <marc:datafield ind1=" " ind2=" " tag="041">
      <marc:subfield code="a">ger</marc:subfield>
   </marc:datafield>
   <marc:datafield ind1=" " ind2=" " tag="300">
      <marc:subfield code="a">384 Seiten</marc:subfield>
   </marc:datafield>
</marc:record>
